<?xml version="1.0" encoding="UTF-8"?>
<record
    xmlns:xsi="http://www.w3.org/2001/XMLSchema-instance"
    xsi:schemaLocation="http://www.loc.gov/MARC21/slim http://www.loc.gov/standards/marcxml/schema/MARC21slim.xsd"
    xmlns="http://www.loc.gov/MARC21/slim">

  <leader>00196    a2200073   4500</leader>
  <datafield tag="020" ind1=" " ind2=" ">
    <subfield code="a">0627025781</subfield>
  </datafield>
  <datafield tag="100" ind1=" " ind2=" ">
    <subfield code="a">BEZUIDENHOUT,Frans J.</subfield>
    <subfield code="9">187742</subfield>
  </datafield>
  <datafield tag="245" ind1=" " ind2=" ">
    <subfield code="a">A Reader on selected Social Issues, Third Edition</subfield>
  </datafield>
  <datafield tag="999" ind1=" " ind2=" ">
    <subfield code="c">772750</subfield>
    <subfield code="d">772749</subfield>
  </datafield>
  <datafield tag="942" ind1=" " ind2=" ">
    <subfield code="w">230</subfield>
    <subfield code="x">Skhumbuzo Mashigo</subfield>
    <subfield code="y">230</subfield>
    <subfield code="z">Skhumbuzo Mashigo</subfield>
  </datafield>
  <datafield tag="952" ind1=" " ind2=" ">
    <subfield code="0">0</subfield>
    <subfield code="1">0</subfield>
    <subfield code="4">0</subfield>
    <subfield code="6">362_968000000000000_BEZ</subfield>
    <subfield code="7">0</subfield>
    <subfield code="9">717757</subfield>
    <subfield code="a">HAZYL</subfield>
    <subfield code="b">HAZYL</subfield>
    <subfield code="d">2025-03-05</subfield>
    <subfield code="l">1</subfield>
    <subfield code="o">362.968 BEZ</subfield>
    <subfield code="p">33010010023059</subfield>
    <subfield code="r">2025-03-05</subfield>
    <subfield code="s">2025-03-05</subfield>
    <subfield code="w">2025-03-05</subfield>
    <subfield code="y">BOOK</subfield>
  </datafield>
</record>
